[Event "Guimaraes op"]
[Site "Guimaraes"]
[Date "2007.09.08"]
[Round "5"]
[White "Machado, Luis"]
[Black "Pinto, Pedro Jorge de Mora"]
[Result "1-0"]
[WhiteElo "2095"]
[BlackElo "2145"]
[PlyCount "83"]
[EventDate "2007.09.04"]
[EventType "swiss"]
[EventRounds "7"]
[EventCountry "POR"]
[SourceTitle "EXT 2009"]
[Source "ChessBase"]
[SourceDate "2008.11.26"]
[SourceVersion "1"]
[SourceVersionDate "2008.11.26"]
[SourceQuality "1"]

1. d4 Nf6 2. c4 g6 3. f3 d6 4. e4 Bg7 5. Be3 0-0 6. Nc3 Nbd7 7. Nh3 e5 8. d5 a5 9. Nf2 Nh5 10. Qd2 Kh8 11. 0-0-0 Qe7 12. g4 Nf4 13. Nd3 a4 14. Nxf4 exf4 15. Bd4 Ne5 16. Qxf4 Bf6 17. Qg3 a3 18. b3 c5 19. dxc6 Nxc6 20. Nd5 Bxd4 21. Nxe7 Bb2+ 22. Kb1 Nxe7 23. Qxd6 Re8 24. Rd2 Bc3 25. Rc2 Bg7 26. Be2 Nc6 27. Rd1 Be5 28. Qc5 Ra5 29. Qe3 Nb4 30. Rcd2 Nc6 31. f4 Bg7 32. h4 Be6 33. Qb6 Raa8 34. f5 gxf5 35. gxf5 Bc8 36. Bh5 Kg8 37. Rg1 Ra6 38. Qc7 Ne7 39. Qxe7 Rf8 40. f6 Bf5 41. Qxf8+ Kxf8 42. Rd8# 1-0

[Event "Gaia Profigaia op"]
[Site "Vila Nova de Gaia"]
[Date "2004.07.08"]
[Round "6"]
[White "Machado, Luis"]
[Black "Vasquez, Maria Carvalho"]
[Result "1-0"]
[WhiteElo "2061"]
[BlackElo "2020"]
[PlyCount "64"]
[EventDate "2004.07.03"]
[EventType "swiss"]
[EventRounds "9"]
[EventCountry "POR"]
[SourceTitle "CBM 101 Extra"]
[Source "ChessBase"]
[SourceDate "2004.09.01"]
[SourceVersion "2"]
[SourceVersionDate "2004.09.01"]
[SourceQuality "1"]

1. d4 d6 2. c4 g6 3. Nc3 Bg7 4. e3 c6 5. Bd3 e5 6. Nge2 f5 7. d5 Nf6 8. 0-0 0-0 9. Rb1 a5 10. a3 Na6 11. b4 axb4 12. axb4 Nc7 13. Qb3 cxd5 14. cxd5 Bd7 15. f3 b5 16. Bd2 Qb8 17. Kh1 Qb6 18. e4 f4 19. Be1 Qb8 20. Bf2 Qe8 21. Rfc1 Qf7 22. Ra1 g5 23. Ra5 Rab8 24. Ra7 Rfc8 25. Be1 g4 26. Ng1 Qg6 27. Qd1 Nh5 28. Nce2 gxf3 29. Nxf3 Bg4 30. Rcxc7 Rxc7 31. Rxc7 Qh6 32. h3 Bxf3 1-0

[Event "Gaia Profigaia op"]
[Site "Vila Nova de Gaia"]
[Date "2004.07.04"]
[Round "2"]
[White "Machado, Luis"]
[Black "Silva, Antonio Augusto MC"]
[Result "0-1"]
[WhiteElo "2061"]
[BlackElo "2194"]
[PlyCount "36"]
[EventDate "2004.07.03"]
[EventType "swiss"]
[EventRounds "9"]
[EventCountry "POR"]
[SourceTitle "CBM 101 Extra"]
[Source "ChessBase"]
[SourceDate "2004.09.01"]
[SourceVersion "2"]
[SourceVersionDate "2004.09.01"]
[SourceQuality "1"]

1. Nf3 d5 2. d4 c5 3. e3 Nf6 4. c4 Nc6 5. Nc3 cxd4 6. Nxd4 e5 7. Nxc6 bxc6 8. cxd5 cxd5 9. Be2 Bc5 10. 0-0 0-0 11. b3 Be6 12. Bb2 Qe7 13. Bf3 Rfd8 14. a3 Rac8 15. b4 d4 16. exd4 Bxd4 17. Qc2 e4 18. Be2 Bxc3 0-1

[Event "Boavista-ch 3rd"]
[Site "Lisbon"]
[Date "2004.04.10"]
[Round "6"]
[White "Ferreira, Paulo"]
[Black "Machado, Luis"]
[Result "1/2-1/2"]
[WhiteElo "2110"]
[BlackElo "1620"]
[PlyCount "105"]
[EventDate "2004.04.05"]
[EventType "swiss"]
[EventRounds "9"]
[EventCountry "POR"]
[SourceTitle "EXT 2005"]
[Source "ChessBase"]
[SourceDate "2004.11.15"]
[SourceVersion "1"]
[SourceVersionDate "2004.11.15"]
[SourceQuality "1"]

1. d4 Nf6 2. c4 e6 3. Nf3 c5 4. d5 exd5 5. cxd5 d6 6. Nc3 g6 7. e4 Bg7 8. h3 0-0 9. Bd3 b6 10. 0-0 a6 11. a4 Nbd7 12. Bf4 Qc7 13. Rc1 Re8 14. Re1 Nh5 15. Be3 Ne5 16. Be2 Nxf3+ 17. Bxf3 Nf6 18. b4 Bd7 19. a5 Rab8 20. axb6 Rxb6 21. bxc5 dxc5 22. Na4 Bxa4 23. Qxa4 Bf8 24. Bg5 Qd7 25. Qd1 Qd6 26. Bh4 Qc7 27. Qa4 Qd7 28. Qd1 Qc7 29. Bg3 Bd6 30. Bxd6 Qxd6 31. Qc2 Nd7 32. Be2 g5 33. Bf1 Reb8 34. Qa4 Ne5 35. Qa3 Rc8 36. Qg3 Qf6 37. Qe3 c4 38. Rc3 a5 39. Rec1 Rb4 40. Qa7 a4 41. Rg3 c3 42. d6 Qxd6 43. Rxg5+ Ng6 44. Rd5 Qf4 45. Qe3 Qxe3 46. fxe3 Rxe4 47. Ra5 Rb4 48. Bd3 Rb3 49. Rxa4 c2 50. Rxc2 Rxc2 51. Bxc2 Rxe3 52. Rg4 Kg7 53. Kh2 1/2-1/2

[Event "POR-ch University"]
[Site "Guimaraes"]
[Date "2002.05.07"]
[Round "4.9"]
[White "Machado, Luis"]
[Black "Louro, Pedro"]
[Result "0-1"]
[WhiteElo "1541"]
[BlackElo "1726"]
[PlyCount "56"]
[EventDate "2002.05.06"]
[EventType "swiss"]
[EventRounds "11"]
[EventCountry "POR"]
[SourceTitle "CBM 088 Extra"]
[Source "ChessBase"]
[SourceDate "2002.07.01"]
[SourceVersion "2"]
[SourceVersionDate "2002.07.01"]
[SourceQuality "1"]

1. e4 e6 2. d4 d5 3. e5 c5 4. Nf3 Qb6 5. b3 cxd4 6. Qxd4 Bc5 7. Qd2 Nc6 8. Bb2 Nge7 9. Nc3 Qc7 10. Na4 Bb4 11. Bc3 Bxc3 12. Qxc3 0-0 13. Bb5 Bd7 14. Bxc6 Bxc6 15. Qb4 Ng6 16. Qd4 Bxa4 17. bxa4 Qxc2 18. 0-0 Rfc8 19. Rfc1 Qxc1+ 20. Ne1 Qc3 21. Qxc3 Rxc3 22. g3 Rac8 23. Rb1 Rc1 24. Rxc1 Rxc1 25. Kf1 Nxe5 26. Ke2 Ra1 27. Nf3 Nxf3 28. Kxf3 Rxa2 0-1